000 02012cam a2200529 a 4500
999 _c4007
_d4007
001 .b15578926
003 OCoLC
005 20241205120825.0
008 110102t20112002nyua j 000 1 eng d
020 _a9780547576794
_q(pbk.) :
035 _a(OCoLC)694830101
040 _aBTCTA
_beng
_cBTCTA
_dJN4
_dBDX
_dOCLCO
_dOCLCA
_dOCLCQ
_dOCLCO
_dYDXCP
_dOCLCF
_dOCLCO
_dTWWZU
041 0 _aeng
042 _anbic
043 _ar------
082 0 _b813.54 PRI
100 1 _aPrimavera, Elise.
_eaut.
245 1 0 _aAuntie Claus and the key to Christmas /
_cElise Primavera.
250 _a1st ed.
260 _a[Little Neck, NY] :
_b[Pumpkin Books] ;
_aBoston :
_bHoughton, Mifflin, Harcourt,
_c[2011], 2002.
300 _a1 volume (unpaged) :
_bcolor illustrations ;
_c29 cm.
336 _atext
_btxt
_2rdacontent.
337 _aunmediated
_bn
_2rdamedia.
338 _avolume
_bnc
_2rdacarrier.
500 _aSequel to: Auntie Claus.
500 _a"Sandpiper."
520 _aWhen Chris expresses doubt about the existence of Santa Claus, his older sister Sophie reveals that their aunt is really Santa's sister and helper and then sends him on a strange journey.
600 0 0 _aSanta Claus
_vJuvenile fiction.
600 0 7 _aSanta Claus.
_2fast
_0(OCoLC)fst01105278.
650 0 _aAunts
_vJuvenile fiction.
650 1 _aAunts
_vFiction.
650 1 _aChristmas
_vFiction.
650 1 _aSanta Claus
_vFiction.
650 7 _aAunts
_vFiction.
_2sears.
650 7 _aChristmas
_vFiction.
_2sears.
650 7 _aSanta Claus
_vFiction.
_2sears.
650 7 _aAunts.
_2fast
_0(OCoLC)fst00821339.
651 0 _aNorth Pole
_vJuvenile fiction.
651 1 _aNorth Pole
_vFiction.
651 7 _aNorth Pole
_vFiction.
_2sears.
651 7 _aArctic Ocean
_zNorth Pole.
_2fast
_0(OCoLC)fst01242502.
655 0 _aChristmas stories.
655 7 _aChristmas stories.
_2fast
_0(OCoLC)fst01726561.
655 7 _aFiction.
_2fast
_0(OCoLC)fst01423787.
655 7 _aJuvenile works.
_2fast
_0(OCoLC)fst01411637.
942 _2ddc
_cNFIC